| 000 | 00994nam a22002417a 4500 | ||
|---|---|---|---|
| 999 |
_c17295 _d17295 |
||
| 003 | AR-CdUCM | ||
| 008 | 190508b ||||| |||| 00| 0 spa d | ||
| 040 |
_aMUNICIPALIDAD PROVINCIAL DEL CUSCO _cBIBLIOTECA MUNICIPAL DEL CUSCO |
||
| 082 |
_a591 / _bD59 |
||
| 100 |
_aDerivaux, J _937211 |
||
| 245 | _aFisiopatológia de la reprodución e inseminación artificial de los animales domésticos / | ||
| 260 |
_aEspaña : _bAcribia, _c1961. |
||
| 300 |
_a416 paginas ; _bIlustraciones, _c25 cm. |
||
| 505 | _aContenido : Fisiología genital -- Fase folicular -- Cuerpo amarillo en las diferentes especies -- Hormonas sexuales y reproducción -- Biología de los estrogenos... | ||
| 650 |
_aBiología animal _937212 |
||
| 650 |
_aReproducción animal _937213 |
||
| 650 |
_aAcciones de los estrogenos _937214 |
||
| 650 |
_aAnimales vacunos _937215 |
||
| 650 |
_aAnimales ovinos _937216 |
||
| 700 |
_aGomez Piquer, José (Traducción) _937217 |
||
| 942 |
_2ddc _cLIBROS |
||
| 945 |
_awnts _d2019-05-8 |
||